|
|
|
|
| LEADER |
00934cam a2200265 7i4500 |
| 001 |
0000030821 |
| 005 |
20140217090000.0 |
| 020 |
0 |
0 |
|a 9781907065798
|
| 090 |
0 |
0 |
|a M 338.7
|b REP
|
| 245 |
0 |
4 |
|a The Report Sarawak 2013.
|
| 260 |
0 |
0 |
|a [S.l]:
|b Oxford Business Group,
|c 2013.
|
| 300 |
# |
# |
|a 216 p.
|
| 650 |
0 |
0 |
|a Construction --
|z Sarawak, Malaysia
|
| 650 |
0 |
0 |
|a Tourism --
|z Sarawak, Malaysia
|
| 650 |
0 |
0 |
|a Information technology --
|z Sarawak, Malaysia
|
| 650 |
0 |
0 |
|a Energy --
|z Sarawak, Malaysia
|
| 650 |
0 |
0 |
|a Economic --
|z Sarawak, Malaysia
|
| 650 |
0 |
0 |
|a Industry --
|z Sarawak, Malaysia
|
| 650 |
0 |
0 |
|a Plantation --
|z Sarawak, Malaysia
|
| 650 |
0 |
0 |
|a Financial services --
|z Sarawak, Malaysia
|
| 650 |
0 |
0 |
|a Education --
|z Sarawak, Malaysia
|
| 650 |
0 |
0 |
|a Transport --
|z Sarawak, Malaysia
|
| 650 |
0 |
0 |
|a Telecommunication --
|z Sarawak, Malaysia
|
| 651 |
0 |
0 |
|a Malaysia
|
| 999 |
|
|
|a 0000033495
|b Book
|c Malaysia
|e Business Information Centre
|